JÁN ZIGMUNDÍK 80-ROČNÝ.

Bibliographic Details
Main Author: K. (Author)
Format: Article
Language:Slovak
Subjects:

MARC

LEADER 00000nab a2200000uu 4500
001 vtls011517274
003 SK-MaSNL
005 20260304031745.0
008 230302|1926 xo |||||||||||||||||slo|
015 |a SNBRB 
035 |a (urnnbn)urn:nbn:sk:snk:ar-001pvt 
035 |a (uuid)d41d63d3-1c38-42f9-96ae-fb025ce2b626 
035 |a urn:nbn:sk:snk-abe6hx 
040 |a SNKBUCL  |b slo  |c SNKBUCL  |e AACR2 
041 0 |a slo 
044 |a xo  |c SK 
100 1 |a K.  |4 aut  |9 425904 
245 1 0 |a JÁN ZIGMUNDÍK 80-ROČNÝ.  |c K. 
600 1 7 |a Zigmundík, Ján,  |d 1846-1938  |2 SNKMA  |9 255535 
773 0 |t Slovenské pohľady  |g Roč. 42, č. 4 (1926), s. 238-239 
958 |a ONDV 
958 |a article21 
999 |c 2639749  |d 2641679